000 00566nam a2200169Ia 4500
008 150610s9999 xx 000 0 und d
020 _a9780792253808
050 _aGC221.2
_b.F73 2008
100 _aFradin, Judith Bloom
245 _a Tsunamis /
_cJudy & Dennis Fradin.
260 _aWashington, D.C. :
_bNational Geographic Society,
_c2008.
300 _a48pages :
_bill. (some col.), col. maps ;
_c27 cm.
440 _a Witness to disaster
504 _a Includes bibliographical references and index.
520 _aJuvenile literature.
650 _xTsunamis.
999 _c288251
_d288251